Statistics for Danmarks 30 største øer på et kort

Click here to take the quiz!

General Stats

  • This quiz has been taken 19 times
  • The average score is 16 of 30

Answers on the Map

Answers color-coded by a green-red scale on the quiz's map according to % correct below.
 

Answer Stats

Areal (km2)Answer% Correct
2.988,62Fyn
100%
7.049,27Sjælland
100%
589,32Bornholm
90%
283,54Langeland
90%
1.244,97Lolland
90%
513,99Falster
80%
112,86Læsø
80%
87,51Ærø
70%
21,75Anholt
70%
218,31Møn
70%
360,46Mors
70%
112,26Samsø
70%
96,28Amager
60%
59,60
Fanø
60%
86,56
Rømø
60%
311,31Als
50%
69,99Tåsinge
50%
7,77Jegindø
40%
15,03Orø
40%
16,72Saltholm
40%
14,40Bogø
30%
13,23Endelave
30%
21,95Fur
30%
8,54Mandø
30%
4.674,24Nørrejyske Ø
30%
12,50Sejerø
30%
8,08Agersø
20%
7,70Alrø
20%
17,04Fejø
20%
11,04Femø
20%

Score Distribution

Percentile by Number Answered

Percent of People with Each Score

Your Score History

You have not taken this quiz